[Event "FRA-chT2 0910"]
[Site "France"]
[Date "2009.10.17"]
[Round "2.8"]
[White "Barakoff, Annie"]
[Black "Mousset Evtouchenko, Nina"]
[Result "0-1"]
[WhiteElo "1553"]
[BlackElo "1755"]
[PlyCount "104"]
[EventDate "2009.09.27"]
[EventType "team-tourn"]
[EventRounds "11"]
[EventCountry "FRA"]
[SourceTitle "EXT 2011"]
[Source "ChessBase"]
[SourceDate "2010.11.26"]
[SourceVersion "1"]
[SourceVersionDate "2010.11.26"]
[SourceQuality "1"]

1. Nf3 d5 2. g3 Nf6 3. Bg2 Bf5 4. d3 Nbd7 5. 0-0 e5 6. Nh4 Be6 7. e4 Bd6 8. exd5 Bxd5 9. Nf3 0-0 10. Nc3 Bc6 11. a3 a5 12. Bd2 b5 13. Ng5 Bxg2 14. Kxg2 c6 15. Nce4 Bc7 16. Re1 h6 17. Nf3 Nxe4 18. dxe4 f5 19. exf5 Rxf5 20. Nh4 Rf7 21. Be3 Qf6 22. Rf1 Nb6 23. Qg4 g5 24. Nf3 Rg7 25. Qe4 Re8 26. Nd2 Nd5 27. c4 Ne7 28. Rac1 b4 29. axb4 axb4 30. b3 Nf5 31. Bc5 Rb8 32. Ra1 Nd4 33. Ra6 Qg6 34. Qxg6 Rxg6 35. Ra7 Ne6 36. Ne4 Nxc5 37. Nxc5 Bb6 38. Nd7 Bxa7 39. Nxb8 Bxb8 40. Rd1 Bd6 41. Kf3 Rf6+ 42. Kg4 Kf7 43. Kh5 Ke7 44. h4 gxh4 45. Kxh4 Rxf2 46. Rb1 Ke6 47. Kg4 e4 48. Rh1 Rf6 49. Re1 Ke5 50. Rd1 e3 51. Kh5 Ke4 52. g4 e2 0-1

[Event "FRA-chT2 Nord 0708"]
[Site "France"]
[Date "2008.01.20"]
[Round "6.8"]
[White "Warkentin, Sabine"]
[Black "Mousset Evtouchenko, Nina"]
[Result "1-0"]
[WhiteElo "1765"]
[BlackElo "1835"]
[PlyCount "83"]
[EventDate "2007.10.21"]
[EventType "team-tourn"]
[EventRounds "11"]
[EventCountry "FRA"]
[SourceTitle "EXT 2009"]
[Source "ChessBase"]
[SourceDate "2008.11.26"]
[SourceVersion "1"]
[SourceVersionDate "2008.11.26"]
[SourceQuality "1"]
[WhiteTeam "Neuville en Ferrain"]
[BlackTeam "Club 608"]
[WhiteTeamCountry "FRA"]
[BlackTeamCountry "FRA"]

1. d4 Nf6 2. Nc3 d5 3. Bg5 e6 4. e3 Nbd7 5. Nf3 Be7 6. Bd3 0-0 7. 0-0 c5 8. Re1 h6 9. Bh4 a6 10. a3 b5 11. dxc5 Nxc5 12. Bf1 Bb7 13. Nd4 Rc8 14. Rc1 Qb6 15. Na2 g5 16. Bg3 Nfe4 17. Qh5 Nxg3 18. hxg3 Kg7 19. Nf3 f6 20. Bd3 Nxd3 21. cxd3 Rc7 22. Rxc7 Qxc7 23. Rc1 Qd7 24. Nh2 f5 25. Nf3 Bf6 26. d4 Qd6 27. b4 Rf7 28. Rc5 g4 29. Nh4 Bxh4 30. Qxh4 e5 31. Nc1 exd4 32. exd4 Qe6 33. Nd3 Qd6 34. Ne5 Rf6 35. Qh5 Qe7 36. Kf1 Qd8 37. Kg1 Bc8 38. Nc6 Qf8 39. Ne5 Be6 40. Rc7+ Bf7 41. Rxf7+ Rxf7 42. Qg6+ 1-0

[Event "Montigny le Bretonneux Noel op 10th"]
[Site "Montigny le Bretonneux"]
[Date "2007.12.31"]
[Round "7"]
[White "Mousset Evtouchenko, Nina"]
[Black "Lortat Jacob, Bertrand"]
[Result "1-0"]
[WhiteElo "1843"]
[BlackElo "1680"]
[PlyCount "79"]
[EventDate "2007.12.26"]
[EventType "swiss"]
[EventRounds "7"]
[EventCountry "FRA"]
[SourceTitle "CBM 122 Extra"]
[Source "ChessBase"]
[SourceDate "2008.03.04"]
[SourceVersion "1"]
[SourceVersionDate "2008.03.04"]
[SourceQuality "1"]

1. d4 Nf6 2. Nc3 d5 3. Bg5 Bf5 4. e3 Nbd7 5. Nf3 h6 6. Bh4 e6 7. Bd3 g5 8. Bg3 Be4 9. Bxe4 Nxe4 10. Nxe4 dxe4 11. Nd2 Nf6 12. Be5 Bd6 13. Bxf6 Qxf6 14. Nxe4 Qe7 15. Nxd6+ Qxd6 16. Qd2 0-0-0 17. 0-0-0 Qd5 18. Kb1 Qxg2 19. Rdg1 Qe4 20. Qd1 f5 21. Ka1 Rd6 22. c3 Ra6 23. c4 Rd8 24. Qc1 Rdd6 25. a3 Rdc6 26. Qc3 b5 27. c5 Ra4 28. Qb3 a6 29. Rf1 Qf3 30. Kb1 Rc4 31. Qd1 Qe4+ 32. Ka1 e5 33. b3 Rc2 34. f3 Qxe3 35. Qxc2 Qxd4+ 36. Kb1 Rxc5 37. Qxf5+ Kb8 38. Rc1 Rd5 39. Qe4 Qd3+ 40. Kb2 1-0

[Event "FRA-chT2 Nord 0708"]
[Site "France"]
[Date "2007.10.21"]
[Round "1.8"]
[White "Mousset Evtouchenko, Nina"]
[Black "Wilson, Alexandra"]
[Result "1-0"]
[WhiteElo "1843"]
[BlackElo "2061"]
[PlyCount "85"]
[EventDate "2007.10.21"]
[EventType "team-tourn"]
[EventRounds "11"]
[EventCountry "FRA"]
[SourceTitle "EXT 2009"]
[Source "ChessBase"]
[SourceDate "2008.11.26"]
[SourceVersion "1"]
[SourceVersionDate "2008.11.26"]
[SourceQuality "1"]
[WhiteTeam "Club 608"]
[BlackTeam "Rueil Malmaison"]
[WhiteTeamCountry "FRA"]
[BlackTeamCountry "FRA"]

1. d4 Nf6 2. Nc3 d5 3. Bg5 Nbd7 4. e3 g6 5. Bd3 Bg7 6. Nf3 c5 7. 0-0 0-0 8. Re1 Qb6 9. Bb5 e6 10. Bxd7 Bxd7 11. Ne5 Bc6 12. Nxc6 Qxc6 13. Qe2 cxd4 14. exd4 Rac8 15. Rad1 b5 16. a3 Rb8 17. Qf3 Nd7 18. Be7 Rfe8 19. Bh4 b4 20. axb4 Rxb4 21. Nxd5 Ne5 22. Nf6+ Bxf6 23. Qxc6 Nxc6 24. Bxf6 Rc8 25. d5 exd5 26. Rxd5 Rf4 27. Bc3 Nb4 28. Rd2 Rfc4 29. Red1 Nc6 30. Rd7 a5 31. Kf1 a4 32. Ra1 h5 33. Ke2 h4 34. f3 h3 35. g4 Re8+ 36. Kf2 Ne5 37. Rd4 Rc6 38. Raxa4 f5 39. gxf5 Rf6 40. Rh4 g5 41. Rxh3 Rxf5 42. Rg3 Ng6 43. Rag4 1-0

[Event "Montigny le Bretonneux Noel op 09th"]
[Site "Montigny le Bretonneux"]
[Date "2006.12.27"]
[Round "2"]
[White "Mousset Evtouchenko, Nina"]
[Black "Riazuelo, Gilles"]
[Result "0-1"]
[WhiteElo "1882"]
[BlackElo "2085"]
[PlyCount "53"]
[EventDate "2006.12.27"]
[EventType "swiss"]
[EventRounds "7"]
[EventCountry "FRA"]
[SourceTitle "CBM 116 Extra"]
[Source "ChessBase"]
[SourceDate "2007.03.07"]
[SourceVersion "1"]
[SourceVersionDate "2007.03.07"]
[SourceQuality "1"]

1. e4 c5 2. Nc3 Nc6 3. Nf3 g6 4. g3 Bg7 5. Bg2 d6 6. 0-0 e6 7. d3 Rb8 8. Be3 Nd4 9. Rb1 b5 10. Nd2 b4 11. Ne2 Ne7 12. f4 0-0 13. Nf3 Qb6 14. Qd2 f5 15. Bf2 Nxf3+ 16. Bxf3 Bb7 17. c3 a5 18. a3 Rbc8 19. axb4 axb4 20. Bg2 e5 21. fxe5 dxe5 22. Bh3 Rc7 23. exf5 Qc6 24. Be3 Nxf5 25. Nf4 exf4 26. Bxf4 Re7 27. Bg2 0-1

[Event "Montigny le Bretonneux Noel op 08th"]
[Site "Montigny le Bretonneux"]
[Date "2005.12.31"]
[Round "7"]
[White "Mousset Evtouchenko, Nina"]
[Black "Goujon, Antoine"]
[Result "1-0"]
[WhiteElo "1840"]
[BlackElo "1972"]
[PlyCount "95"]
[EventDate "2005.12.26"]
[EventType "swiss"]
[EventRounds "7"]
[EventCountry "FRA"]
[SourceTitle "CBM 110 Extra"]
[Source "ChessBase"]
[SourceDate "2006.03.10"]
[SourceVersion "2"]
[SourceVersionDate "2006.03.10"]
[SourceQuality "1"]

1. e4 c5 2. Nc3 Nc6 3. g3 e6 4. Bg2 Nge7 5. f4 d5 6. exd5 exd5 7. d3 g6 8. Nf3 Bg7 9. Bd2 0-0 10. Rb1 b6 11. 0-0 Bb7 12. Ne2 Qd7 13. c3 Rad8 14. d4 Nf5 15. Ne5 Nxe5 16. fxe5 cxd4 17. cxd4 Ba6 18. Bc3 Ne3 19. Qd2 Nxf1 20. Rxf1 Bxe2 21. Qxe2 Rfe8 22. Qf3 a5 23. g4 Qe7 24. Qf4 h6 25. Qg3 Rd7 26. h4 Rc8 27. g5 Rc6 28. gxh6 Bxh6 29. Bh3 Rd8 30. Bf5 Kh7 31. Bd3 Kh8 32. Rf3 Rdc8 33. Bb5 Re6 34. Qf2 Rf8 35. a3 Kg7 36. b4 Ra8 37. Bf1 Rc6 38. Bh3 Qc7 39. Qg3 axb4 40. Bxb4 Rc1+ 41. Kh2 Qc2+ 42. Bg2 Re8 43. Rf2 Qc4 44. Qf3 Qc7 45. Qf6+ Kg8 46. Bxd5 Re6 47. Bxe6 fxe6 48. Qxg6+ 1-0

[Event "Montigny le Bretonneux Noel op 08th"]
[Site "Montigny le Bretonneux"]
[Date "2005.12.30"]
[Round "6"]
[White "Vedrunes, Jean"]
[Black "Mousset Evtouchenko, Nina"]
[Result "0-1"]
[WhiteElo "1620"]
[BlackElo "1840"]
[PlyCount "78"]
[EventDate "2005.12.26"]
[EventType "swiss"]
[EventRounds "7"]
[EventCountry "FRA"]
[SourceTitle "CBM 110 Extra"]
[Source "ChessBase"]
[SourceDate "2006.03.10"]
[SourceVersion "2"]
[SourceVersionDate "2006.03.10"]
[SourceQuality "1"]

1. d4 Nf6 2. c4 c5 3. d5 b5 4. cxb5 a6 5. bxa6 Bxa6 6. Nc3 d6 7. Nf3 g6 8. g3 Bg7 9. Bg2 0-0 10. 0-0 Nbd7 11. Re1 Ra7 12. e4 Qc7 13. Qc2 Rb8 14. Rb1 Rab7 15. Bf4 Nh5 16. Bg5 e6 17. dxe6 fxe6 18. Qd2 Ne5 19. Nxe5 Bxe5 20. Bh3 Qf7 21. Kh1 Qf3+ 22. Kg1 Ng7 23. Re3 Qh5 24. Bh4 Bd4 25. Ree1 Qf3 26. Bg2 Bxc3 27. bxc3 Qd3 28. Qxd3 Bxd3 29. Rxb7 Rxb7 30. Rd1 Bc4 31. Rxd6 Rb1+ 32. Bf1 Bxf1 33. Rd8+ Kf7 34. Rd7+ Kf8 35. Rd8+ Ne8 36. f3 Bc4+ 37. Kg2 Rb2+ 38. Kh3 h5 39. a4 Bf1# 0-1